top 300 rushing touchdown career leaders - Statistics

General Stats
  • This quiz has been taken 23 times
  • The average score is 110 of 252
Answer Stats
rank TD player % Correct
231 30 Fred Jackson
95%
38# 68 Josh Allen
95%
192# 34 Lamar Jackson
95%
3+ 123 Marcus Allen+
95%
35 69 Steven Jackson
95%
31 73 Terry Allen
95%
5+ 110 Walter Payton+
95%
76 54 Antowain Smith
90%
72 55 Chris Johnson
90%
142 39 David Johnson
90%
53 61 DeAngelo Williams
90%
205 33 Delvin Williams
90%
1+ 164 Emmitt Smith+
90%
211 32 Jamaal Williams
90%
133 40 J.D. Smith
90%
104+ 48 John Henry Johnson+
90%
2+ 145 LaDainian Tomlinson+
90%
150 38 Lamar Smith
90%
72 55 Larry Johnson
90%
25 76 Pete Johnson
90%
44 66 Ricky Williams
90%
211 32 Robert Smith
90%
133 40 Ron Johnson
90%
97 49 Rudi Johnson
90%
87 50 Aaron Jones
85%
11+ 99 Barry Sanders+
85%
205 33 Spec Sanders
85%
38 68 Thomas Jones
85%
84 52 Bill Brown
80%
5 110 Derrick Henry
80%
44 66 Fred Taylor
80%
7+ 106 Jim Brown+
80%
18+ 83 Jim Taylor+
80%
64 58 Jonathan Taylor
80%
182 35 Larry Brown
80%
150 38 Ronnie Brown
80%
133 40 Ted Brown
80%
231 30 Theotis Brown
80%
47+ 65 Thurman Thomas+
80%
224 31 Timmy Brown
80%
150 38 Travis Henry
80%
4 120 Adrian Peterson
75%
80 53 Christian McCaffrey
75%
12+ 91 Franco Harris+
75%
231 30 Lorenzo White
75%
175# 36 Michael Vick
75%
16 86 Priest Holmes
75%
47 65 Stephen Davis
75%
57+ 60 Terrell Davis+
75%
182 35 Alfred Morris
70%
182 35 Bam Morris
70%
14+ 90 Curtis Martin+
70%
130 41 Donny Anderson
70%
231 30 Doug Martin
70%
22+ 80 Edgerrin James+
70%
14+ 90 Eric Dickerson+
70%
20 81 Frank Gore
70%
53 61 Herschel Walker
70%
192 34 Jamal Anderson
70%
64 58 Jamal Lewis
70%
12+ 91 Jerome Bettis+
70%
87 50 Joe Morris
70%
8+ 104 John Riggins+
70%
17 85 Marshawn Lynch
70%
224 31 Mercury Morris
70%
162 37 Mike Anderson
70%
87 51 Neal Anderson
70%
20 81 Ottis Anderson
70%
24+ 77 Tony Dorsett+
70%
150 38 Wayne Morris
70%
97 49 DeMarco Murray
65%
28+ 74 Earl Campbell+
65%
57# 60 Jalen Hurts
65%
211# 32 Kyler Murray
65%
63 59 Latavius Murray
65%
28+ 74 Leroy Kelly+
65%
80 53 Marion Barber III
65%
53+ 61 O.J. Simpson+
65%
182# 35 Randall Cunningham
65%
119 43 Sam Cunningham
65%
119#+ 43 Steve Young+
65%
72 55 Tiki Barber
65%
125 42 Calvin Hill
60%
28 74 Ezekiel Elliott
60%
104 48 James Stewart
60%
87 51 Jonathan Stewart
60%
150# 38 Kordell Stewart
60%
51+$ 64 Larry Csonka+
60%
9+ 100 Marshall Faulk+
60%
76 54 Matt Forte
60%
162 37 Ray Rice
60%
9 100 Shaun Alexander
60%
192# 34 Taysom Hill
60%
182# 35 Aaron Rodgers
55%
76 54 Arian Foster
55%
26# 75 Cam Newton
55%
106 47 Dalvin Cook
55%
72 55 David Montgomery
55%
38 68 Eddie George
55%
142+ 39 Gale Sayers+
55%
231 30 Jahmyr Gibbs
55%
67 56 LeGarrette Blount
55%
31 73 LeSean McCoy
55%
80 53 Nick Chubb
55%
224# 31 Russell Wilson
55%
110 45 Wilbert Montgomery
55%
57 60 Ahman Green
50%
53 61 Alvin Kamara
50%
115 44 Jamaal Charles
50%
57 60 Joe Mixon
50%
52+ 63 Lenny Moore+
50%
47 65 Mark Ingram
50%
87 51 Saquon Barkley
50%
57 60 Brandon Jacobs
45%
133$ 40 Christian Okoye
45%
26 75 Clinton Portis
45%
150 38 Devonta Freeman
45%
211#+ 32 Fran Tarkenton+
45%
42 67 Josh Jacobs
45%
87 50 Kareem Hunt
45%
211 32 Lamar Miller
45%
192 34 Leonard Fournette
45%
38 68 Maurice Jones-Drew
45%
42 67 Todd Gurley
45%
97 49 Warrick Dunn
45%
84 52 Chris Warren
40%
19 82 Corey Dillon
40%
67 56 Curt Warner
40%
67 56 Earnest Byner
40%
35 69 Gerald Riggs
40%
87 51 Greg Bell
40%
231 30 Gus Edwards
40%
205#+ 33 John Elway+
40%
125 42 Le'Veon Bell
40%
231 30 Lydell Mitchell
40%
67 56 Melvin Gordon
40%
64$ 58 Mike Alstott
40%
192 34 Raheem Mostert
40%
67 56 Roger Craig
40%
211 32 Stump Mitchell
40%
231 30 Tony Pollard
40%
125 42 Billy Sims
35%
211 32 Cedric Benson
35%
80 53 Chuck Foreman
35%
33 71 Chuck Muncie
35%
192# 34 Daunte Culpepper
35%
150 38 Freeman McNeil
35%
57 60 James Conner
35%
108 46 Kevin Mack
35%
44 66 Michael Turner
35%
92+ 50 Paul Hornung+
35%
175 36 Reggie Bush
35%
23 78 Ricky Watters
35%
162# 37 Steve McNair
35%
87 50 Wendell Tyler
35%
231 30 William Andrews
35%
175 36 Ahmad Bradshaw
30%
224 31 D'Andre Swift
30%
97 49 Deuce McAllister
30%
97 49 James Brooks
30%
33+ 71 Joe Perry+
30%
87 51 Mike Pruitt
30%
211#+ 32 Terry Bradshaw+
30%
47 65 Willis McGahee
30%
119 43 Austin Ekeler
25%
130 41 Brian Westbrook
25%
231# 30 Dak Prescott
25%
119+ 43 Floyd Little+
25%
192+ 34 Frank Gifford+
25%
76 54 George Rogers
25%
142 39 Joseph Addai
25%
110 45 Natrone Means
25%
211 32 Tommy Mason
25%
125 42 BenJarvus Green-Ellis
20%
162 37 Carlos Hyde
20%
142 39 Dalton Hilliard
20%
175+ 36 Dutch Clark+
20%
133 40 Jack Kemp
20%
162 37 James Wilder
20%
205 33 Karim Abdul-Jabbar
20%
231 30 MacArthur Lane
20%
115+# 44 Otto Graham+
20%
162 37 Rashard Mendenhall
20%
162 37 Ryan Mathews
20%
142 39 Sammy Winder
20%
35#+ 69 Steve Van Buren+
20%
182 35 Brad Baxter
15%
231 30 Clem Daniels
15%
125 42 Don Perkins
15%
231 30 Garrison Hearst
15%
162 37 Jordan Howard
15%
205 33 Kenyan Drake
15%
119 43 Marion Butts
15%
224+ 31 Marion Motley+
15%
162 37 Mark van Eeghen
15%
97 49 Rodney Hampton
15%
211 32 Tony Collins
15%
108 46 Abner Haynes
10%
162 37 Cookie Gilchrist
10%
231 30 Craig Heyward
10%
211 32 Curtis Dickey
10%
175 36 Dorsey Levens
10%
110 45 Jim Nance
10%
110 45 Ken Willard
10%
175 36 Leroy Hoard
10%
182 35 Mike Garrett
10%
231 30 Mike Rozier
10%
133+ 40 Ollie Matson+
10%
224 31 Robert Newhouse
10%
182# 35 Steve Grogan
10%
211 32 Tim Hightower
10%
133 40 Tyrone Wheatley
10%
142#+ 39 Y.A. Tittle+
10%
133 40 Alan Ameche
5%
162 37 Bill Mathis
5%
142 39 Charlie Garner
5%
211 32 Derrick Fenner
5%
192 34 Dick Bass
5%
192 34 Ed Podolak
5%
84 52 Emerson Boozer
5%
150+ 38 Ernie Nevers+
5%
150+ 38 Hugh McElhenny+
5%
231 30 John Brockington
5%
150 38 John David Crow
5%
130 41 Johnny Hector
5%
231 30 Kevan Barlow
5%
115 44 Larry Kinnebrew
5%
192$ 34 Mike Tolbert
5%
231 30 Norm Bulaich
5%
150 38 Paul Lowe
5%
106 47 Pete Banaszak
5%
97 49 Rick Casares
5%
231# 30 Roman Gabriel
5%
192 34 Tank Younger
5%
115 44 T.J. Duckett
5%
162 37 Tobin Rote
5%
110 45 Tom Matte
5%
192 34 Tony Galbreath
5%
231 30 Walt Garrison
5%
142 39 Alex Webster
0%
182+ 35 Clarke Hinkle+
0%
119 43 Dan Towler
0%
231 30 Dick Hoerner
0%
133 40 Don McCauley
0%
192 34 Don Nottingham
0%
231 30 Joe Marconi
0%
150 38 Mario Bates
0%
205 33 Pat Harder
0%
182 35 Pug Manders
0%
224 31 Ted Fritsch
0%
162 37 Verne Lewellen
0%
175 36 Zack Crockett
0%
No matching quizzes found
Score Distribution
Percent of People with Each Score
Percentile by Number Answered
Your Score History
You have not taken this quiz